| 000 | 01272nam a22002777a 4500 | ||
|---|---|---|---|
| 001 | TZ 0010 | ||
| 003 | gtcocun | ||
| 005 | 20250926171505.0 | ||
| 006 | a||||gr|||| 00| 0 | ||
| 007 | ta | ||
| 008 | 250926b1997 gt ||||| m||| 00| 0 eng d | ||
| 040 |
_agtcocun _bSPA _cgtcocun _eRDA |
||
| 041 | _aSPA TZ 0010 | ||
| 084 | _0TZ 0010 | ||
| 100 |
_aValdez Guillermo, Edgar Adolfo _eAutor |
||
| 245 |
_aCARACTERIZACIÓN DEL MANEJO NUTRICIONAL DE LOS HATOS DE GANADO LECHERO QUE ABASTECEN VERALAC, R.L. _cEdgar Adolfo Valdez Guillermo. _hImpreso |
||
| 264 |
_aCobán, Alta Verapaz: _bUniversidad de San Carlos de Guatemala, Centro Universitario del Norte, Zootecnia. _c1997 |
||
| 300 |
_a49 p.: _bIlustraciones, gráficas. _c28 cm; |
||
| 502 | _eTZ 0010 | ||
| 502 |
_aTesis de grado _bZootecnia, _cUniversidad de San Carlos de Guatemala, Centro Universitario del Norte, Zootecnia _d1997 _oTZ 0010 |
||
| 650 | 1 | 4 |
_2LEMB _aSan Pedro Carchá, San Juan Chamelco, Santa Cruz, San Cristóbal, Cobán y Tactic Alta Verapaz. _xZootecnia _xVeralac _xNutricional _xEx po facto _xAnalítico descriptivo _xPrueba piloto |
| 700 | _eAsesor | ||
| 856 |
_uSin archivo en línea. _zSin archivo en línea. |
||
| 942 |
_2ddc _cTES _iTZ 0010 _kClasificación _n0 _6TZ_0010_000000000000000 |
||
| 999 |
_c2154 _d2154 |
||